Save now or die trying : Achieving long-term wealth in your 20s and 30s

Written in a straightforward and accessible style, this guide will show you how to take full advantage of the most important elements of the retirement planning process--time and participation. Through practical profiles of young adults dealing with difficult financial situations and detailed discus...

Szczegółowa specyfikacja

Zapisane w:
Opis bibliograficzny
1. autor: Bruno, Mark
Format: Książka
Język:Undetermined
Wydane: Hoboken, N.J. J. Wiley & Sons Inc. 2007
Hasła przedmiotowe:
Etykiety: Dodaj etykietę
Nie ma etykietki, Dołącz pierwszą etykiete!
Thư viện lưu trữ: Trung tâm Học liệu Trường Đại học Cần Thơ
LEADER 01183nam a2200217Ia 4500
001 CTU_165680
008 210402s9999 xx 000 0 und d
020 |c 13.41 
082 |a 332.02401 
082 |b B898 
100 |a Bruno, Mark 
245 0 |a Save now or die trying : 
245 0 |b Achieving long-term wealth in your 20s and 30s 
245 0 |c Mark Bruno 
260 |a Hoboken, N.J. 
260 |b J. Wiley & Sons Inc. 
260 |c 2007 
520 |a Written in a straightforward and accessible style, this guide will show you how to take full advantage of the most important elements of the retirement planning process--time and participation. Through practical profiles of young adults dealing with difficult financial situations and detailed discussions with scores of financial advisors about the various options available for building long-term wealth--from IRAs to 401(k)s--you'll quickly learn how to overcome the challenges of successfully saving for retirement. 
650 |a Saving and investment,Savings accounts,Tiết kiệm và đầu tư,Tài khoản tiết kiệm 
904 |i QHieu 
980 |a Trung tâm Học liệu Trường Đại học Cần Thơ